| 000 | 00715nam a2200229Ia 4500 | ||
|---|---|---|---|
| 003 | OSt | ||
| 005 | 20220926010517.0 | ||
| 006 | a|||||r|||| 00| 0 | ||
| 007 | ta | ||
| 008 | 220923b |||||||| |||| 00| 0 eng d | ||
| 020 |
_a9789381052433 _c807.5 |
||
| 037 |
_bCBS/349, 18/02/2013, CLASSIC BOOKS SERVICES _cGeneral Book |
||
| 040 |
_aRTL _cRTL _beng |
||
| 041 |
_2eng _aeng |
||
| 082 | _aU2894, Q2 | ||
| 100 |
_aMURTHY K.Ramana _9312446 |
||
| 245 | 0 | _aDisaster management. | |
| 260 |
_a New Delhi _bWisdom Press _c2012 |
||
| 300 |
_av,263p. Bib: p 261-263 _ccm. |
||
| 942 |
_hU2894, Q2 _cGB _2CC |
||
| 999 |
_c617441 _d617441 |
||